Provincias más pobladas de España desde el 1930 - Estadísticas

Estadísticas generales
  • Esta prueba ha sido intentada 37 veces
  • La puntuación promedio es 94 de 100
Estadísticas de respuestas
Población Ciudad % Correcto
1.800.638 | 1.931.875 | 2.232.119 | +7 others Barcelona
97%
1.072.552 | 1.110.116 | 1.229.844 | +4 others Cádiz
97%
1.030.728 | 1.087.676 | 1.096.112 | +6 others La Coruña
97%
1.383.951 | 1.579.793 | 1.926.311 | +7 others Madrid
97%
1.099.374 | 1.234.842 | 1.336.667 | +7 others Sevilla
97%
1.042.154 | 1.256.633 | 1.347.912 | +7 others Valencia
97%
1.124.117 | 1.278.384 | 1.430.451 | +3 others Alicante
94%
737.690 | 782.953 Granada
94%
1.005.166 | 1.145.807 | 1.263.686 | +3 others Málaga
94%
1.052.044 | 1.102.849 | 1.123.163 | +4 others Asturias
91%
668.862 | 761.150 | 781.908 | 792.638 Córdoba
91%
674.415 | 753.308 | 765.697 Jaén
91%
1.151.178 Las Palmas de Gran Canaria
91%
1.169.114 | 1.453.545 | 1.504.869 | +2 others Murcia
91%
1.041.474 | 1.127.444 | 1.155.818 | +2 others Vizcaya
91%
1.210.725 Islas Baleares
88%
702.418 | 742.547 | 815.780 | 835.158 Badajoz
72%
No se encontraron pruebas coincidentes
Distribución de puntuación
Porcentaje de gente con cada puntuación
Porcentaje por número respondido
Historial de tus puntuaciones
No has intentado esta prueba.